000 00957nam a2200289Ia 4500
003 OSt
005 20220912145252.0
006 a|||||r|||| 00| 0
007 ta
008 220909b |||||||| |||| 00| 0 eng d
020 _a9783527318926 (hbd)
024 _a82910
037 _b36, 18/12/2008, Aviva Books Company
037 _cTextbook
040 _aCSL
_beng
_cCSL
041 _aeng
082 _aE191:88, P8 TE
100 _aBruneau Christian Ed.
245 0 _aMetal vinylidenes and allenylidenes in catalysis:from reactivity to application in synthesis
260 _aWeinheim Wiley
_bVCH
_c2008
300 _axvii, 338p.
_ccm.
500 _aIncludes bibliographical references.; Refernces 330-338p.
650 _aChemistry
700 _a Dixneuf Pierre Ed.
942 _hE191:88, P8 TE
_cTB
_2CC
999 _c27494
_d27494